Catálogo

Desafío a la estabilidad : (Registro nro. 61740)

Detalles MARC
000 -LEADER
fixed length control field 01135cam a2200289 i 4500
001 - CONTROL NUMBER
control field 61740
003 - CONTROL NUMBER IDENTIFIER
control field Mx-PuUPA
005 - DATE AND TIME OF LATEST TRANSACTION
control field 20220211131729.0
008 - FIXED-LENGTH DATA ELEMENTS--GENERAL INFORMATION
fixed length control field 141113s2014 mx a fr 000 0 spa d
020 ## - INTERNATIONAL STANDARD BOOK NUMBER
International Standard Book Number 976070250941
Qualifying information rústica (UNAM)
040 ## - CATALOGING SOURCE
Original cataloging agency Mx-PuUPA
Language of cataloging spa
Transcribing agency Mx-PuUPA
Modifying agency Mx-PuUPA
Description conventions rda
041 0# - LANGUAGE CODE
Language code of text/sound track or separate title spa
-- eng
245 10 - TITLE STATEMENT
Title Desafío a la estabilidad :
Remainder of title procesos artísticos en México 1952-1967 = artistic processes in Mexico : defying stability /
Statement of responsibility, etc. editora, Rita Eder ; traductor, Elisa Schmelkes
264 #1 - PRODUCTION, PUBLICATION, DISTRIBUTION, MANUFACTURE, AND COPYRIGHT NOTICE
Place of production, publication, distribution, manufacture México :
Name of producer, publisher, distributor, manufacturer Universidad Nacional Autónoma de México,
Date of production, publication, distribution, manufacture, or copyright notice 2014
264 #1 - PRODUCTION, PUBLICATION, DISTRIBUTION, MANUFACTURE, AND COPYRIGHT NOTICE
Place of production, publication, distribution, manufacture Madrid :
Name of producer, publisher, distributor, manufacturer Turner,
Date of production, publication, distribution, manufacture, or copyright notice 2014
300 ## - PHYSICAL DESCRIPTION
Extent 613 páginas :
Other physical details fotografías (algunas a color) ;
Dimensions 28 cm.
336 ## - CONTENT TYPE
Content type term texto
Content type code rdacontent
Fuente txt
337 ## - MEDIA TYPE
Media type term sin medio
Source rdamedia
Media type code n
338 ## - CARRIER TYPE
Carrier type term volumen
Source rdacarrier
Carrier type code nc
546 ## - LANGUAGE NOTE
Language note Textos escrito en español e inglés.
650 #7 - SUBJECT ADDED ENTRY--TOPICAL TERM
Topical term or geographic name entry element Arte mexicano
General subdivision Siglo XX
-- Exposiciones
Source of heading or term armarc
700 1# - ADDED ENTRY--PERSONAL NAME
9 (RLIN) 12065
Personal name Eder, Rita,
Dates associated with a name 1943-
Relator term editor
700 1# - ADDED ENTRY--PERSONAL NAME
Personal name Schmelkes, Elisa,
Relator term traductor
942 ## - ADDED ENTRY ELEMENTS (KOHA)
Source of classification or shelving scheme Dewey Decimal Classification
Koha item type Libro
Classification part 709.720904
Item part D445
Existencias
Withdrawn status Lost status Source of classification or shelving scheme Damaged status Not for loan Collection code Home library Current library Shelving location Date acquired Source of acquisition Total Checkouts Full call number Barcode Date last seen Price effective from Koha item type
    Dewey Decimal Classification     Referencia Biblioteca Karol Wojtyla Biblioteca Karol Wojtyla Área de silencio 13/11/2014 Compra   709.720904 D445 2014 92690 05/01/2026 13/11/2014 Libro R